000 00656nam a2200193 a 4500
001 000042985
005 20201002040542.0
008 140214s2004 pe 001 0 spa d
040 _aDO-SdBNP
_bspa
_cBNPHU
100 1 _aPérez, Joseph
_970489
245 1 0 _aCarlos V /
_cJoseph Pérez; prólogo, Bartolomé Bennassar.
260 _a[Peru], :
_bABC,
_c2004.
300 _a223 p. : ;
_c21 cm.
490 1 _aBiblioteca ABC
_aProtagonistas de la historia
_v13
504 _aBibliografía p: 217-218
500 _aIncluye índice analítico
700 1 _aBennassar, Bartolomé
_eprol.
_970490
830 0 _aBiblioteca ABC
_gProtagonistas de la historia
_v13
_970491
999 _c42474
_d42474